[Event "EYCC 2024 - O14"]
[Site "?"]
[Date "2024.08.31"]
[Round "9.1"]
[White "Oktem, Ege Tuna"]
[Black "Alizada, Pasham"]
[Result "1-0"]
[BlackElo "2066"]
[WhiteElo "2144"]
[LiveChessVersion "1.4.8"]

1. e4 {[%clk 1:30:59]} e6 {[%clk 1:30:58]} 2. d4 {[%clk 1:31:23]} d5
{[%clk 1:31:27]} 3. e5 {[%clk 1:31:48]} c5 {[%clk 1:31:55]} 4. c3
{[%clk 1:32:15]} Nc6 {[%clk 1:32:23]} 5. Nf3 {[%clk 1:32:40]} Nh6
{[%clk 1:32:52]} 6. Na3 {[%clk 1:26:39]} cxd4 {[%clk 1:29:59]} 7. cxd4
{[%clk 1:26:34]} Bb4+ {[%clk 1:20:40]} 8. Bd2 {[%clk 1:26:38]} Qb6
{[%clk 1:20:52]} 9. Nc2 {[%clk 1:26:24]} Bxd2+ {[%clk 1:20:31]} 10. Qxd2
{[%clk 1:26:51]} Qxb2 {[%clk 1:20:57]} 11. Bd3 {[%clk 1:27:09]} Qb6
{[%clk 1:20:30]} 12. O-O {[%clk 1:27:28]} Qd8 {[%clk 1:17:46]} 13. Rab1
{[%clk 1:26:49]} f6 {[%clk 1:16:46]} 14. Nb4 {[%clk 1:23:18]} Nf7
{[%clk 0:52:16]} 15. Nxc6 {[%clk 1:16:58]} bxc6 {[%clk 0:52:29]} 16. Qc2
{[%clk 1:17:19]} Qc7 {[%clk 0:49:32]} 17. Bxh7 {[%clk 1:15:23]} Ba6
{[%clk 0:42:02]} 18. Rfe1 {[%clk 1:13:19]} Nd8 {[%clk 0:40:05]} 19. Bg6+
{[%clk 1:09:35]} Kd7 {[%clk 0:38:06]} 20. Nd2 {[%clk 1:06:42]} f5
{[%clk 0:34:53]} 21. Re3 {[%clk 0:54:41]} Nb7 {[%clk 0:32:28]} 22. Rg3
{[%clk 0:52:49]} f4 {[%clk 0:28:34]} 23. Rg4 {[%clk 0:52:00]} Na5
{[%clk 0:22:55]} 24. Bf5 {[%clk 0:48:55]} g5 {[%clk 0:22:34]} 25. Rxg5
{[%clk 0:49:07]} Rhg8 {[%clk 0:22:43]} 26. Bxe6+ {[%clk 0:49:17]} Ke7
{[%clk 0:22:46]} 27. Bxg8 {[%clk 0:49:22]} Bd3 {[%clk 0:23:10]} 28. Qxd3
{[%clk 0:49:34]} Nb3 {[%clk 0:23:34]} 29. Rxb3 {[%clk 0:49:48]} Rb8
{[%clk 0:24:00]} 30. Qh7+ {[%clk 0:50:12]} Ke8 {[%clk 0:24:20]} 31. Qxc7
{[%clk 0:50:30]} Rb7 {[%clk 0:24:46]} 32. Rxb7 {[%clk 0:50:48]} f3
{[%clk 0:25:07]} 33. h4 {[%clk 0:51:01]} c5 {[%clk 0:25:35]} 34. h5
{[%clk 0:51:26]} c4 {[%clk 0:26:00]} 35. h6 {[%clk 0:51:53]} c3 {[%clk 0:26:29]}
36. Nb3 {[%clk 0:52:00]} c2 {[%clk 0:26:57]} 37. h7 {[%clk 0:52:19]} fxg2
{[%clk 0:27:21]} 38. h8=N {[%clk 0:52:43]} c1=N {[%clk 0:27:46]} 39. Nxc1
{[%clk 0:53:03]} a6 {[%clk 0:28:13]} 40. e6 {[%clk 0:53:16]} a5 {[%clk 0:28:39]}
41. Bf7+ {[%clk 0:53:32]} Kf8 {[%clk 0:29:04]} 42. a3 {[%clk 0:53:41]} a4
{[%clk 0:29:31]} 43. e7# {[%clk 0:54:08]} 1-0

[Event "EYCC 2024 - O14"]
[Site "?"]
[Date "2024.08.31"]
[Round "9.2"]
[White "Guretchii, Kirill"]
[Black "Dumbelovic, Novak"]
[Result "1/2-1/2"]
[BlackElo "2144"]
[WhiteElo "2034"]
[LiveChessVersion "1.4.8"]

1. d4 {[%clk 1:30:58]} Nf6 {[%clk 1:30:48]} 2. c4 {[%clk 1:31:22]} e6
{[%clk 1:30:46]} 3. Nf3 {[%clk 1:31:45]} b6 {[%clk 1:31:11]} 4. g3
{[%clk 1:32:06]} Ba6 {[%clk 1:31:30]} 5. b3 {[%clk 1:32:15]} Bb4+
{[%clk 1:31:56]} 6. Bd2 {[%clk 1:32:36]} Be7 {[%clk 1:32:22]} 7. Nc3
{[%clk 1:27:59]} O-O {[%clk 1:32:42]} 8. Bg2 {[%clk 1:25:39]} c6 {[%clk 1:27:57]}
9. O-O {[%clk 1:09:35]} d5 10. cxd5 {[%clk 1:00:30]} cxd5 {[%clk 1:25:59]} 11.
Ne5 {[%clk 0:53:38]} Nfd7 {[%clk 1:22:08]} 12. Nxd7 {[%clk 0:51:17]} Nxd7
{[%clk 1:16:01]} 13. Re1 {[%clk 0:49:12]} Rc8 {[%clk 1:13:47]} 14. a4
{[%clk 0:36:48]} Nb8 {[%clk 0:59:59]} 15. Nb5 {[%clk 0:30:28]} Nc6
{[%clk 0:56:59]} 16. e3 {[%clk 0:30:26]} Qd7 {[%clk 0:54:51]} 17. Qb1
{[%clk 0:28:35]} Bb4 {[%clk 0:47:25]} 18. Bxb4 {[%clk 0:27:15]} Nxb4
{[%clk 0:46:50]} 19. Rc1 {[%clk 0:27:33]} Qe7 {[%clk 0:40:37]} 20. Rxc8
{[%clk 0:27:14]} Bxc8 {[%clk 0:40:13]} 21. a5 {[%clk 0:25:49]} Ba6
{[%clk 0:37:14]} 22. Nc3 {[%clk 0:23:56]} Rc8 {[%clk 0:36:40]} 23. Na4
{[%clk 0:21:44]} Qd8 {[%clk 0:19:16]} 24. axb6 {[%clk 0:21:21]} axb6
{[%clk 0:19:20]} 25. Bf1 {[%clk 0:21:32]} Ra8 {[%clk 0:14:46]} 26. Bxa6
{[%clk 0:21:32]} Rxa6 {[%clk 0:15:09]} 27. Qf1 {[%clk 0:19:32]} Ra5
{[%clk 0:12:55]} 28. Rc1 {[%clk 0:18:41]} g6 {[%clk 0:11:48]} 29. Qe2
{[%clk 0:17:22]} Kg7 30. Qd2 {[%clk 0:17:27]} Qd6 {[%clk 0:09:10]} 31. Kg2
{[%clk 0:17:46]} Rb5 {[%clk 0:08:16]} 32. Rc8 {[%clk 0:17:03]} Nc6
{[%clk 0:06:30]} 33. Qd3 {[%clk 0:16:47]} Rb4 {[%clk 0:04:18]} 34. Qc3
{[%clk 0:15:07]} Ne7 {[%clk 0:03:26]} 35. Ra8 {[%clk 0:13:58]} Rb5
{[%clk 0:02:47]} 36. Ra6 {[%clk 0:10:38]} Qc6 {[%clk 0:01:47]} 37. Qxc6
{[%clk 0:04:08]} Nxc6 {[%clk 0:02:16]} 38. Rxb6 {[%clk 0:03:42]} Rxb6
{[%clk 0:02:43]} 39. Nxb6 {[%clk 0:04:06]} Na5 {[%clk 0:03:12]} 40. b4
{[%clk 0:03:58]} Nc6 {[%clk 0:03:40]} 41. b5 {[%clk 0:03:57]} 1/2-1/2

[Event "EYCC 2024 - O14"]
[Site "?"]
[Date "2024.08.31"]
[Round "9.3"]
[White "Topencik, Bruno"]
[Black "Malinowsky, Levi"]
[Result "1/2-1/2"]
[BlackElo "2006"]
[WhiteElo "2107"]
[LiveChessVersion "1.4.8"]

1. c4 {[%clk 1:30:57]} Nf6 {[%clk 1:30:42]} 2. Nf3 {[%clk 1:31:16]} g6
{[%clk 1:30:38]} 3. Nc3 {[%clk 1:31:40]} d5 {[%clk 1:30:57]} 4. cxd5
{[%clk 1:31:07]} Nxd5 {[%clk 1:31:18]} 5. e4 {[%clk 1:30:59]} Nxc3
{[%clk 1:31:24]} 6. dxc3 {[%clk 1:31:19]} Qxd1+ {[%clk 1:31:06]} 7. Kxd1
{[%clk 1:31:41]} f6 {[%clk 1:28:52]} 8. Be3 {[%clk 1:30:44]} e5 {[%clk 1:27:59]}
9. Nd2 {[%clk 1:30:33]} Be6 {[%clk 1:26:05]} 10. Bc4 {[%clk 1:29:43]} Kf7
{[%clk 1:21:41]} 11. Kc2 {[%clk 1:27:27]} Nd7 {[%clk 1:21:18]} 12. b4
{[%clk 1:26:32]} a5 {[%clk 1:17:34]} 13. a3 {[%clk 1:23:10]} Be7 {[%clk 1:16:35]}
14. Bxe6+ {[%clk 1:20:23]} Kxe6 {[%clk 1:17:01]} 15. Nb3 {[%clk 1:17:21]} axb4
{[%clk 1:14:39]} 16. axb4 {[%clk 1:17:05]} b6 {[%clk 1:14:13]} 17. f3
{[%clk 1:12:29]} c6 {[%clk 1:12:18]} 1/2-1/2

[Event "EYCC 2024 - O14"]
[Site "?"]
[Date "2024.08.31"]
[Round "9.4"]
[White "Kviriashvili, Andria"]
[Black "Grooten, Tommy"]
[Result "1-0"]
[BlackElo "2146"]
[WhiteElo "1918"]
[LiveChessVersion "1.4.8"]

1. e4 {[%clk 1:30:58]} e5 {[%clk 1:30:59]} 2. Nf3 {[%clk 1:31:14]} Nf6
{[%clk 1:31:23]} 3. Nc3 {[%clk 1:30:42]} Nc6 {[%clk 1:31:04]} 4. Bb5
{[%clk 1:31:09]} Nd4 {[%clk 1:31:18]} 5. Bc4 {[%clk 1:31:17]} d6 {[%clk 1:29:35]}
6. h3 {[%clk 1:27:37]} Be7 {[%clk 1:23:49]} 7. d3 {[%clk 1:27:39]} Nxf3+
{[%clk 1:16:06]} 8. Qxf3 {[%clk 1:27:51]} h6 {[%clk 1:15:52]} 9. Be3
{[%clk 1:27:50]} c6 {[%clk 1:15:03]} 10. a4 {[%clk 1:25:40]} Qc7 {[%clk 1:10:59]}
11. Qg3 {[%clk 1:24:40]} Nh5 {[%clk 1:11:17]} 12. Qf3 {[%clk 1:25:00]} Nf6
{[%clk 1:11:42]} 13. a5 {[%clk 1:16:38]} Bd7 {[%clk 1:10:16]} 14. g4
{[%clk 1:15:23]} Rf8 {[%clk 1:07:41]} 15. Qe2 {[%clk 1:01:08]} Nh7
{[%clk 1:04:49]} 16. d4 {[%clk 0:42:03]} exd4 {[%clk 1:00:36]} 17. Bxd4
{[%clk 0:42:30]} Bf6 {[%clk 1:00:56]} 18. Qe3 {[%clk 0:33:47]} Be6
{[%clk 0:51:54]} 19. Bd3 {[%clk 0:32:05]} Rh8 {[%clk 0:46:01]} 20. Bxa7
{[%clk 0:22:55]} Bxc3+ {[%clk 0:46:11]} 21. bxc3 {[%clk 0:23:20]} c5
{[%clk 0:46:30]} 22. Bb5+ {[%clk 0:22:10]} Ke7 {[%clk 0:46:11]} 23. e5
{[%clk 0:22:02]} Rxa7 {[%clk 0:46:23]} 24. exd6+ {[%clk 0:22:29]} Qxd6
{[%clk 0:46:32]} 25. Rd1 {[%clk 0:22:56]} Qc7 {[%clk 0:46:15]} 26. Rd7+
{[%clk 0:23:19]} Qxd7 {[%clk 0:46:33]} 27. Bxd7 {[%clk 0:23:41]} Kxd7
{[%clk 0:46:52]} 28. Qxc5 {[%clk 0:24:07]} Rha8 {[%clk 0:46:27]} 29. Qd4+
{[%clk 0:19:20]} Ke7 {[%clk 0:46:30]} 30. Qxg7 {[%clk 0:19:17]} Rxa5
{[%clk 0:44:27]} 31. O-O {[%clk 0:19:38]} Nf6 {[%clk 0:41:26]} 32. Qxh6
{[%clk 0:17:51]} Ra1 {[%clk 0:41:26]} 33. Qg5 {[%clk 0:17:45]} R8a5
{[%clk 0:37:22]} 34. Qf4 {[%clk 0:18:10]} Nd5 {[%clk 0:35:43]} 35. Qb8
{[%clk 0:18:36]} b5 {[%clk 0:35:13]} 36. Rxa1 {[%clk 0:17:37]} Rxa1+ 37. Kh2
{[%clk 0:18:03]} Ra3 {[%clk 0:35:27]} 38. f4 {[%clk 0:13:31]} f6 {[%clk 0:33:45]}
39. f5 {[%clk 0:11:28]} Bd7 {[%clk 0:33:19]} 40. Qg8 {[%clk 0:11:26]} Rxc3
{[%clk 0:31:30]} 41. Qxd5 {[%clk 0:11:20]} Rxc2+ {[%clk 0:31:58]} 42. Kg1
{[%clk 0:10:51]} Bc6 {[%clk 0:31:01]} 43. Qe6+ {[%clk 0:11:14]} 1-0

[Event "EYCC 2024 - O14"]
[Site "?"]
[Date "2024.08.31"]
[Round "9.5"]
[White "Beliman, Alexandro"]
[Black "Meszaros, Casey Ryan"]
[Result "1-0"]
[BlackElo "2035"]
[WhiteElo "2144"]
[LiveChessVersion "1.4.8"]

1. e4 {[%clk 1:30:59]} c6 {[%clk 1:30:53]} 2. d4 {[%clk 1:31:25]} d5
{[%clk 1:31:16]} 3. f3 {[%clk 1:31:51]} dxe4 {[%clk 1:31:03]} 4. fxe4
{[%clk 1:32:20]} e5 {[%clk 1:31:14]} 5. Nf3 {[%clk 1:32:44]} Bg4 {[%clk 1:23:41]}
6. c3 {[%clk 1:32:48]} Nf6 {[%clk 1:07:30]} 7. Bc4 {[%clk 1:32:35]} Nbd7
{[%clk 0:56:44]} 8. Qb3 {[%clk 1:32:56]} Qb6 {[%clk 0:54:51]} 9. Bxf7+
{[%clk 1:29:14]} Kd8 {[%clk 0:53:20]} 10. Qxb6+ {[%clk 1:20:22]} axb6
{[%clk 0:52:01]} 11. Bg5 {[%clk 1:20:05]} h6 {[%clk 0:49:41]} 12. Bxf6+
{[%clk 1:18:12]} gxf6 {[%clk 0:47:58]} 13. Nbd2 {[%clk 1:17:01]} Rh7
{[%clk 0:32:47]} 14. Bb3 {[%clk 1:15:58]} Re7 {[%clk 0:30:02]} 15. O-O
{[%clk 1:11:56]} Kc7 {[%clk 0:26:28]} 16. Nh4 {[%clk 1:03:26]} exd4
{[%clk 0:21:37]} 17. cxd4 {[%clk 1:01:22]} Rg7 {[%clk 0:15:39]} 18. a3
{[%clk 0:49:33]} Bd6 {[%clk 0:14:47]} 19. Nc4 {[%clk 0:38:31]} Re8
{[%clk 0:12:48]} 20. Nxd6 {[%clk 0:35:48]} Kxd6 {[%clk 0:13:03]} 21. Rae1
{[%clk 0:36:12]} Rg5 {[%clk 0:11:33]} 22. Rf4 {[%clk 0:34:25]} h5
{[%clk 0:10:27]} 23. Bc4 {[%clk 0:22:49]} Kc7 {[%clk 0:09:57]} 24. Kf2
{[%clk 0:22:41]} Be6 {[%clk 0:08:19]} 25. Bxe6 {[%clk 0:19:12]} Rxe6
{[%clk 0:08:40]} 26. Nf5 {[%clk 0:19:12]} Nf8 {[%clk 0:07:24]} 27. Ng3
{[%clk 0:13:50]} Ng6 {[%clk 0:07:02]} 28. Rf5 {[%clk 0:13:38]} h4
{[%clk 0:07:08]} 29. Rxg5 {[%clk 0:13:41]} fxg5 {[%clk 0:07:32]} 30. Nf5
{[%clk 0:14:07]} Nf4 {[%clk 0:07:41]} 31. Kf3 {[%clk 0:12:45]} Nd3
{[%clk 0:06:53]} 32. Re2 {[%clk 0:11:45]} c5 {[%clk 0:06:27]} 33. Rd2
{[%clk 0:05:56]} c4 {[%clk 0:05:54]} 34. Ke3 {[%clk 0:05:21]} Nf4
{[%clk 0:05:39]} 35. g3 {[%clk 0:04:42]} hxg3 {[%clk 0:05:34]} 36. Nxg3
{[%clk 0:03:27]} Nd5+ {[%clk 0:05:20]} 37. Kf3 {[%clk 0:03:34]} Nf6
{[%clk 0:05:31]} 38. e5 {[%clk 0:03:22]} Nd5 {[%clk 0:05:33]} 39. Ke4
{[%clk 0:03:46]} Kc6 {[%clk 0:05:48]} 40. Rc2 {[%clk 0:03:33]} b5
{[%clk 0:06:07]} 41. a4 {[%clk 0:02:46]} Nb4 {[%clk 0:05:50]} 42. axb5+
{[%clk 0:02:21]} Kxb5 {[%clk 0:06:12]} 43. Rg2 {[%clk 0:02:03]} Ka4
{[%clk 0:06:17]} 44. d5 {[%clk 0:02:07]} Re8 {[%clk 0:06:18]} 45. Nf5
{[%clk 0:01:20]} Nd3 {[%clk 0:05:51]} 46. e6 {[%clk 0:01:42]} Kb3
{[%clk 0:05:49]} 47. Nd4+ {[%clk 0:01:44]} Ka2 {[%clk 0:06:03]} 48. b3+
{[%clk 0:01:55]} 1-0

[Event "EYCC 2024 - O14"]
[Site "?"]
[Date "2024.08.31"]
[Round "9.6"]
[White "Myagmarsuren, Evsuld"]
[Black "Ral Lustig, Melvin"]
[Result "0-1"]
[BlackElo "2019"]
[WhiteElo "2142"]
[LiveChessVersion "1.4.8"]

1. e4 {[%clk 1:30:59]} e5 {[%clk 1:30:53]} 2. Nf3 {[%clk 1:31:07]} Nc6
{[%clk 1:31:16]} 3. d4 {[%clk 1:31:09]} exd4 {[%clk 1:31:39]} 4. Nxd4
{[%clk 1:31:37]} Nf6 {[%clk 1:31:57]} 5. Nxc6 {[%clk 1:32:06]} bxc6
{[%clk 1:32:19]} 6. e5 {[%clk 1:32:35]} Qe7 {[%clk 1:32:40]} 7. Qe2
{[%clk 1:33:03]} Nd5 {[%clk 1:33:03]} 8. h4 {[%clk 1:33:30]} a5 {[%clk 1:32:04]}
9. c4 {[%clk 1:32:18]} Ba6 {[%clk 1:30:35]} 10. g3 {[%clk 1:32:28]} f6
{[%clk 1:14:50]} 11. exf6 {[%clk 1:19:56]} Qxe2+ {[%clk 1:11:05]} 12. Bxe2
{[%clk 1:20:21]} Nxf6 {[%clk 1:06:28]} 13. Nc3 {[%clk 1:00:18]} Bb4
{[%clk 0:56:54]} 14. Bd2 {[%clk 0:57:24]} O-O {[%clk 0:56:18]} 15. O-O-O
{[%clk 0:56:16]} d5 {[%clk 0:50:16]} 16. cxd5 {[%clk 0:54:48]} Bxc3
{[%clk 0:50:21]} 17. Bxa6 {[%clk 0:54:46]} Bxd2+ {[%clk 0:50:45]} 18. Rxd2
{[%clk 0:55:10]} Rxa6 {[%clk 0:51:10]} 19. dxc6 {[%clk 0:55:24]} Rxc6+
{[%clk 0:51:14]} 20. Kb1 {[%clk 0:55:51]} Ne4 {[%clk 0:49:15]} 21. Rd7
{[%clk 0:56:03]} Rxf2 {[%clk 0:44:50]} 22. Re1 {[%clk 0:56:28]} Nd2+
{[%clk 0:42:39]} 23. Ka1 {[%clk 0:56:54]} Rf1 {[%clk 0:41:25]} 0-1

[Event "EYCC 2024 - O14"]
[Site "?"]
[Date "2024.08.31"]
[Round "9.7"]
[White "Negre, Emilie"]
[Black "Merkouropoulos, Dionysios"]
[Result "1/2-1/2"]
[BlackElo "1963"]
[WhiteElo "2140"]
[LiveChessVersion "1.4.8"]

1. d4 {[%clk 1:30:57]} d5 {[%clk 1:30:35]} 2. c4 {[%clk 1:31:22]} e6
{[%clk 1:30:57]} 3. Nc3 {[%clk 1:31:44]} Be7 {[%clk 1:31:17]} 4. cxd5
{[%clk 1:32:09]} exd5 {[%clk 1:31:41]} 5. Bf4 {[%clk 1:32:33]} c6
{[%clk 1:31:51]} 6. e3 {[%clk 1:32:55]} Bd6 {[%clk 1:31:56]} 7. Bxd6
{[%clk 1:33:17]} Qxd6 {[%clk 1:32:21]} 8. Bd3 {[%clk 1:33:27]} Ne7
{[%clk 1:32:27]} 9. Qc2 {[%clk 1:32:16]} Qf6 {[%clk 1:32:32]} 10. Nf3
{[%clk 1:30:25]} Bf5 {[%clk 1:32:34]} 11. O-O {[%clk 1:30:01]} O-O
{[%clk 1:29:43]} 12. b4 {[%clk 1:22:56]} Bxd3 {[%clk 1:29:53]} 13. Qxd3
{[%clk 1:23:19]} Nd7 {[%clk 1:24:57]} 14. Rfc1 {[%clk 0:40:52]} Nb6
{[%clk 1:16:46]} 15. a4 {[%clk 0:38:07]} Nf5 {[%clk 1:07:36]} 16. b5
{[%clk 0:34:45]} Nd6 {[%clk 0:59:03]} 17. bxc6 {[%clk 0:32:13]} bxc6
{[%clk 0:58:53]} 18. Ne5 {[%clk 0:32:34]} Rfc8 {[%clk 0:59:21]} 19. Qa6
{[%clk 0:21:07]} Nf5 {[%clk 0:20:17]} 20. a5 {[%clk 0:18:57]} Nc4
{[%clk 0:20:36]} 21. Nxc4 {[%clk 0:19:18]} dxc4 {[%clk 0:21:05]} 22. Qxc4
{[%clk 0:19:17]} Qg6 {[%clk 0:21:09]} 23. Nd5 {[%clk 0:17:18]} Qg4
{[%clk 0:19:30]} 24. h3 {[%clk 0:15:13]} Qe4 {[%clk 0:17:23]} 25. Nc3
{[%clk 0:14:21]} Qe7 {[%clk 0:17:01]} 26. Qd3 {[%clk 0:11:50]} g6
{[%clk 0:14:45]} 27. Ne4 {[%clk 0:10:59]} Rab8 {[%clk 0:13:54]} 28. Rab1
{[%clk 0:10:35]} Rxb1 {[%clk 0:12:32]} 29. Rxb1 {[%clk 0:10:49]} Nd6
{[%clk 0:12:23]} 30. Nc5 {[%clk 0:11:03]} Nb5 {[%clk 0:11:57]} 31. Rc1
{[%clk 0:09:07]} Qc7 {[%clk 0:10:51]} 32. Qd2 {[%clk 0:07:40]} Nd6
{[%clk 0:09:51]} 33. Qa2 {[%clk 0:06:39]} Nb7 {[%clk 0:05:51]} 34. Nb3
{[%clk 0:06:38]} Qd6 {[%clk 0:03:31]} 35. Qa4 {[%clk 0:02:50]} Nd8
{[%clk 0:02:44]} 36. a6 {[%clk 0:00:58]} Rb8 {[%clk 0:02:46]} 37. Nc5
{[%clk 0:01:05]} Rb6 {[%clk 0:03:15]} 38. Qa5 {[%clk 0:00:43]} Rb5
{[%clk 0:03:00]} 39. Qa2 {[%clk 0:00:51]} Rb6 {[%clk 0:03:18]} 40. Ne4
{[%clk 0:00:38]} Qe6 {[%clk 0:03:22]} 41. Qxe6 {[%clk 0:00:53]} Nxe6
{[%clk 0:03:48]} 42. Ra1 {[%clk 0:01:14]} Kf8 {[%clk 0:01:45]} 43. Kf1
{[%clk 0:00:48]} Ke7 {[%clk 0:02:01]} 44. Ke2 {[%clk 0:00:51]} f5
{[%clk 0:02:28]} 45. Nc5 {[%clk 0:00:42]} Nxc5 {[%clk 0:02:23]} 46. dxc5
{[%clk 0:01:07]} Rb5 {[%clk 0:02:49]} 47. Kd3 {[%clk 0:01:07]} Rxc5
{[%clk 0:02:59]} 48. Rb1 {[%clk 0:01:32]} Rd5+ {[%clk 0:00:37]} 49. Kc4
{[%clk 0:01:53]} Rd2 {[%clk 0:00:56]} 50. Rb7+ {[%clk 0:02:16]} Kd6
{[%clk 0:01:25]} 51. Rxa7 {[%clk 0:02:32]} Rxf2 {[%clk 0:01:50]} 52. Rxh7
{[%clk 0:01:25]} Rxg2 {[%clk 0:02:18]} 53. a7 {[%clk 0:01:18]} Ra2
{[%clk 0:02:46]} 54. Rg7 {[%clk 0:01:10]} g5 {[%clk 0:02:13]} 55. Rxg5
{[%clk 0:00:50]} Rxa7 {[%clk 0:01:59]} 56. Rxf5 {[%clk 0:01:15]} Rh7
{[%clk 0:02:23]} 57. Rf3 {[%clk 0:01:33]} Rh4+ {[%clk 0:02:47]} 58. Kd3
{[%clk 0:01:50]} Kd5 {[%clk 0:03:06]} 59. Rg3 {[%clk 0:00:45]} c5
{[%clk 0:03:18]} 60. Ke2 {[%clk 0:00:39]} Rh5 {[%clk 0:02:18]} 61. Kd3
{[%clk 0:00:33]} Rh4 {[%clk 0:02:43]} 62. Ke2 {[%clk 0:00:38]} Rh5
{[%clk 0:03:06]} 63. Kd3 {[%clk 0:00:48]} Rh4 {[%clk 0:03:33]} 1/2-1/2

[Event "EYCC 2024 - O14"]
[Site "?"]
[Date "2024.08.31"]
[Round "9.8"]
[White "Shevchenko, Yaroslav"]
[Black "Stefanovic, Bosko"]
[Result "1/2-1/2"]
[BlackElo "2112"]
[WhiteElo "2038"]
[LiveChessVersion "1.4.8"]

1. d4 {[%clk 1:30:50]} Nf6 {[%clk 1:30:48]} 2. c4 {[%clk 1:31:10]} c5
{[%clk 1:31:05]} 3. d5 {[%clk 1:31:32]} e6 {[%clk 1:31:30]} 4. Nc3
{[%clk 1:31:54]} exd5 {[%clk 1:31:49]} 5. cxd5 {[%clk 1:32:14]} d6
{[%clk 1:32:14]} 6. Nf3 {[%clk 1:32:34]} g6 {[%clk 1:32:31]} 7. Nd2
{[%clk 1:31:53]} Bg7 {[%clk 1:32:32]} 8. e4 {[%clk 1:32:10]} O-O {[%clk 1:32:49]}
9. Be2 {[%clk 1:32:32]} Re8 {[%clk 1:32:51]} 10. O-O {[%clk 1:32:42]} Na6
{[%clk 1:32:47]} 11. f3 {[%clk 1:32:20]} Nc7 {[%clk 1:32:02]} 12. a4
{[%clk 1:32:34]} b6 {[%clk 1:31:37]} 13. Nc4 {[%clk 1:32:31]} Ba6
{[%clk 1:30:40]} 14. Rb1 {[%clk 1:31:15]} Bxc4 {[%clk 1:07:16]} 15. Bxc4
{[%clk 1:31:33]} a6 {[%clk 1:05:26]} 16. b4 {[%clk 1:29:03]} Nd7 {[%clk 0:52:41]}
17. Bd2 {[%clk 1:28:49]} cxb4 {[%clk 0:49:37]} 18. Rxb4 {[%clk 1:28:58]} Rb8
{[%clk 0:49:51]} 19. Qb1 {[%clk 1:14:52]} Nc5 {[%clk 0:45:58]} 20. Rxb6
{[%clk 0:58:04]} Rxb6 {[%clk 0:44:12]} 21. Qxb6 {[%clk 0:58:30]} Bxc3
{[%clk 0:44:00]} 22. Bxc3 {[%clk 0:58:53]} Nxa4 {[%clk 0:44:22]} 23. Qd4
{[%clk 0:59:10]} Nxc3 {[%clk 0:44:49]} 24. Qxc3 {[%clk 0:59:38]} Nb5
{[%clk 0:36:55]} 25. Qd3 {[%clk 0:54:05]} Qb6+ {[%clk 0:36:52]} 26. Kh1
{[%clk 0:54:22]} Rc8 {[%clk 0:34:21]} 27. Rb1 {[%clk 0:38:35]} Qc5
{[%clk 0:33:42]} 28. Bxb5 {[%clk 0:38:59]} axb5 {[%clk 0:33:18]} 29. h3
{[%clk 0:36:44]} b4 {[%clk 0:31:24]} 30. Qb3 {[%clk 0:35:42]} Qd4
{[%clk 0:28:26]} 31. Kh2 {[%clk 0:31:08]} Qe5+ {[%clk 0:26:43]} 32. Kh1
{[%clk 0:30:39]} Qd4 {[%clk 0:27:11]} 33. Kh2 {[%clk 0:30:47]} Rb8
{[%clk 0:15:18]} 34. Qb2 {[%clk 0:28:41]} Qxb2 {[%clk 0:12:35]} 35. Rxb2
{[%clk 0:29:09]} b3 {[%clk 0:11:50]} 36. Kg3 {[%clk 0:29:12]} Rb4
{[%clk 0:10:54]} 37. Kf2 {[%clk 0:29:10]} f5 {[%clk 0:10:57]} 38. exf5
{[%clk 0:26:44]} gxf5 {[%clk 0:11:22]} 39. Ke3 {[%clk 0:25:29]} Kf7
{[%clk 0:10:35]} 40. Kd3 {[%clk 0:24:13]} f4 {[%clk 0:09:21]} 41. Kc3
{[%clk 0:22:19]} Rb7 {[%clk 0:08:34]} 42. h4 {[%clk 0:19:28]} Kf6
{[%clk 0:08:04]} 43. Kd4 {[%clk 0:18:27]} Rb4+ {[%clk 0:08:15]} 44. Kc3
{[%clk 0:18:51]} Rb7 {[%clk 0:08:41]} 45. Kd4 {[%clk 0:19:15]} Rb4+
{[%clk 0:09:08]} 46. Kc3 {[%clk 0:19:37]} Rb8 {[%clk 0:09:32]} 47. Kd4
{[%clk 0:20:01]} Rb4+ {[%clk 0:09:57]} 48. Kc3 1/2-1/2